00580cam a22001932 4500001001100000005001700011008004100028020002800069040001500097050002200112100002800134245009200162250001300254260003300267300001600300362001200316650002800328700003000356000000573620151021151106.0070716s xx 000 0 eng d a812723429X :cKES 1,440 aKABUcKABU 0aHF5635b.J35 20071 aJain, S. P.@000015188010aAdvanced accountancy. volume I :bprinciples of accounting /cS. P. Jain, K. L. Narang. a14th ed. aNew Delhi :bKalyani,c2007. a1084, 66 p.0 avol. 1. 0aAccounting.@00001483211 aNarang, K. L.@0000155196